Kỹ thuật trồng dâu nuôi tằm

Đã lưu trong:
书目详细资料
主要作者: PHẠM VĂN VƯỢNG
格式: 图书
语言:Undetermined
出版: H. LĐXH 2001
主题:
标签: 添加标签
没有标签, 成为第一个标记此记录!
Thư viện lưu trữ: Trung tâm Học liệu Trường Đại học Cần Thơ
LEADER 00518nam a2200181Ia 4500
001 CTU_48443
008 210402s9999 xx 000 0 und d
082 |a 634.38 
082 |b V561 
100 |a PHẠM VĂN VƯỢNG 
245 0 |a Kỹ thuật trồng dâu nuôi tằm 
245 0 |c PHẠM VĂN VƯỢNG, Hồ Thị Tuyết Mai 
260 |a H. 
260 |b LĐXH 
260 |c 2001 
650 |a mulberry,silkworms 
904 |i Minh 
980 |a Trung tâm Học liệu Trường Đại học Cần Thơ